Nuevos fundamentos de la ciencia

Salvato in:
Dettagli Bibliografici
Autore principale: Jeans, James Hopwood (Autore)
Natura: Libro
Lingua:spagnolo
Pubblicazione: Madrid Espasa-Calpe 1944
Edizione:1a. ed
Soggetti:
Tags: Aggiungi Tag
Nessun Tag, puoi essere il primo ad aggiungerne!!

MARC

LEADER 00000nam a2200000 a 4500
001 UCX1211
003 CL-VaPUC
008 900619e19440000SP |||||||||||||||||spa|d
082 0 4 |a 509  |b JEA  |2 21 
100 |a Jeans, James Hopwood  |e author  |9 538600 
245 1 0 |a Nuevos fundamentos de la ciencia 
250 |a 1a. ed 
300 |a 243 p 
942 |c BK 
945 |d 19900619 00:00:00 
260 |a Madrid  |b Espasa-Calpe  |c 1944 
650 7 |a CIENCIA HISTORIA  |2 CL-VaPUC  |9 263304 
650 0 |a Filosofía de las ciencias  |9 256466 
583 |a last modification  |c 19900619 00:00:00  |k Rodrigo Vera 
999 |c 222495  |d 222493 
952 |0 0  |1 0  |4 0  |6 509_000000000000000_JEA_1944  |7 0  |8 X  |9 217270  |a FDOBUD  |b FDOBUD  |d 2019-11-15  |i 1077139  |o 509 JEA 1944  |p 1077139  |r 2019-11-15  |w 2019-11-15  |y BK_X  |k BUD